Systematika referenčních materiálů a metod v laboratorní medicině

Bibliographic Details
Main Authors: Schneiderka, Petr, 1941- (Author), Kloudová, M. (Author)
Format: Article
Language:Czech
PhysicalDescription:Res. angl., lit. 11 zázn. v angl.
ISSN:0139-9608
Subjects:

MARC

LEADER 00000nab a2200000 a 4500
001 vtls000491483
003 SK-MaSNL
005 20260303102047.0
008 230120c1992 xo 0 cze
015 |a SNBRB19rr/mm-uuuuu 
035 |a CL0491621 
035 |a urn:nbn:sk:snk-abd2bf 
035 |a (urnnbn)urn:nbn:sk:snk:ar-007kbz 
035 |a (uuid)8dbef5eb-017f-47d5-af21-a5d5ed69c421 
040 |a SNKBUCL  |b slo  |c SNKBUCL  |e AACR2 
041 0 |a cze 
044 |a xo  |c SK 
080 |a 577.1.08:616-074  |2 1981 
080 |a 616-074  |2 1981 
100 1 |a Schneiderka, Petr,  |d 1941-  |4 aut  |9 591683 
245 1 0 |a Systematika referenčních materiálů a metod v laboratorní medicině  |c P. Schneiderka, M. Kloudová 
300 |b Res. angl., lit. 11 zázn. v angl. 
650 0 7 |a klinická biochémia  |2 snkbucl  |9 69505 
650 0 7 |a materiály biochemické referenčné  |2 snkbucl  |9 1114710 
650 0 7 |a metódy biochemické referenčné  |2 snkbucl  |9 1114711 
655 7 |a články z novín a časopisov  |2 snkbucl  |9 267496 
700 1 |a Kloudová, M.  |4 aut  |9 937436 
773 0 |t Biochemia clinica bohemoslovaca  |g Roč. 21, č. 2-3 (1992), s. 183-186  |x 0139-9608 
850 |a Slovenská národná knižnica v Martine  |a MTA001 
852 |a SNK  |b KIS3GCP 
954 |a odborná, vedecká literatúra cudzojazyčná (svetová)  |2 lita 
958 |a NB 
958 |a RK 
958 |a OND 
958 |a EUIPO 
958 |a article17 
992 |a RBX 
999 |c 1840832  |d 1842762